000 00475nam a22001577a 4500
003 OSt
005 20160323153623.0
008 160323b xxu||||| |||| 00| 0 eng d
040 _cRUA
082 _aATM AUN 2004 B473 Or.1
100 _98164
_aAUN CHHAT, អូន ឆាត
245 _aស្ថាន​ភាពវិស័យជលផលខេត្តពោធិសាត់
260 _aPhnom Penh
_bRUA
_c2004
300 _aiii; 27p.
_bill.
_c29cm.
942 _2ddc
_cATM
999 _c7774
_d7774